00861cam a22002774a 45000010009000000050017000090080041000260100017000670200036000840200035001200350020001550400023001750410008001980420008002060600023002140800013002370820017002501000006002671010008002732450066002815040051003479060045003989420012004439990017004559520111004721178454120180814044442.0990909s2000 nyua b 001|0 eng c a 99047277  a0195125282 (cloth : alk. paper) a0195125290 (pbk. : alk. paper) a(DNLM)100895929 aDNLM/DLCcDLCdDLC aeng apcc10aQV 250bS368a 2000 a616.904 00a616.904 2211 a3 aSHM14aThe antimicrobial drugs /cEric M. Scholar, William B. Pratt. aIncludes bibliographical references and index. a7bcbccorignewd1eocipf19gy-gencatlg 2ddccBK c47091d47091 00102udc40708PËKGa002b002cPËKGd2018-08-14l0o616.904p002-3011213r2018-08-14w2018-08-14yBK